[Event "Quebec op U2000"]
[Site "Montreal"]
[Date "2001.07.27"]
[Round "8"]
[White "Cardin, Guillaume"]
[Black "Metivier, Nicolas"]
[Result "0-1"]
[WhiteElo "1879"]
[BlackElo "1941"]
[PlyCount "96"]
[EventDate "2001.07.21"]
[EventType "swiss"]
[EventRounds "9"]
[EventCountry "CAN"]
[SourceTitle "EXT 2022"]
[Source "ChessBase"]
[SourceDate "2021.10.06"]
[SourceVersion "1"]
[SourceVersionDate "2021.10.06"]
[SourceQuality "1"]

1. e4 c5 2. Nf3 d6 3. d4 cxd4 4. Nxd4 Nf6 5. Nc3 a6 6. Bg5 e6 7. f4 b5 8. e5 dxe5 9. fxe5 Qc7 10. Qe2 Nfd7 11. 0-0-0 Nc6 12. Qg4 Nxd4 13. Rxd4 Bc5 14. Rd1 Qxe5 15. Be2 Be3+ 16. Bxe3 Qxe3+ 17. Kb1 0-0 18. Rd3 Qe5 19. Qh4 f5 20. Rhd1 Nc5 21. Rh3 h6 22. Qe7 Bb7 23. b4 Na4 24. Nxa4 Qxe2 25. Rd7 Qe1+ 26. Kb2 Qe5+ 27. Nc3 Bc6 28. Re3 Qf6 29. Qxf6 Rxf6 30. Rd6 Bxg2 31. Rexe6 Rxe6 32. Rxe6 Kf7 33. Re2 Bc6 34. Rf2 Kf6 35. Ne2 g5 36. Nd4 Be4 37. a4 bxa4 38. Ka3 h5 39. Kxa4 g4 40. c3 h4 41. Ne2 Rg8 42. Ng1 g3 43. hxg3 Rxg3 44. Ne2 Rg2 45. Rxg2 Bxg2 46. Kb3 h3 47. Ng3 h2 48. c4 f4 0-1

[Event "Quebec op U2000"]
[Site "Montreal"]
[Date "2001.07.24"]
[Round "5"]
[White "Morissette, Jean Sebastien"]
[Black "Metivier, Nicolas"]
[Result "0-1"]
[WhiteElo "1854"]
[BlackElo "1941"]
[PlyCount "126"]
[EventDate "2001.07.21"]
[EventType "swiss"]
[EventRounds "9"]
[EventCountry "CAN"]
[SourceTitle "EXT 2022"]
[Source "ChessBase"]
[SourceDate "2021.10.06"]
[SourceVersion "1"]
[SourceVersionDate "2021.10.06"]
[SourceQuality "1"]

1. d4 Nf6 2. Bg5 g6 3. Bxf6 exf6 4. e3 Bg7 5. Bd3 0-0 6. Ne2 d6 7. c3 f5 8. h4 h5 9. Nd2 Nd7 10. Qc2 c6 11. 0-0-0 Nf6 12. Nf4 Re8 13. Kb1 a5 14. Rde1 Bd7 15. Nf3 Ne4 16. Nh3 b5 17. Ka1 b4 18. Nhg5 bxc3 19. bxc3 Nf6 20. Rb1 Qc7 21. Qb3 Nd5 22. Bc4 Rab8 23. Qc2 Rxb1+ 24. Rxb1 Rb8 25. Rxb8+ Qxb8 26. Qb3 Qc7 27. Nxf7 Kxf7 28. Ng5+ Ke8 29. e4 fxe4 30. Nxe4 Bf5 31. Bxd5 cxd5 32. Qxd5 Bxe4 33. Qxe4+ Kf7 34. Qd5+ Kf8 35. Kb2 Bf6 36. Kc2 Bxh4 37. Qe4 Bf6 38. Qxg6 Qf7 39. Qh6+ Kg8 40. Kd3 d5 41. f3 Qh7+ 42. Qxh7+ Kxh7 43. c4 dxc4+ 44. Kxc4 Kg7 45. Kb5 Bd8 46. Kc6 Kf7 47. Kd5 h4 48. Ke4 Ke6 49. f4 Bb6 50. d5+ Kf6 51. Kf3 Kf5 52. d6 Ke6 53. Kg4 Bf2 54. f5+ Kxd6 55. Kg5 Ke7 56. Kg6 Kf8 57. Kf6 Be1 58. Kg6 Ke7 59. Kg5 Kf7 60. Kg4 Kf6 61. Kf4 Bd2+ 62. Kg4 a4 63. Kxh4 Kxf5 0-1

[Event "Quebec-ch Intercoll"]
[Site "Longueuil"]
[Date "1994.04.02"]
[Round "4"]
[White "Metivier, Nicolas"]
[Black "Hedaraly, Saklaine"]
[Result "0-1"]
[WhiteElo "1382"]
[BlackElo "1476"]
[PlyCount "28"]
[EventDate "1994.04.01"]
[EventType "swiss"]
[EventRounds "6"]
[EventCountry "CAN"]
[SourceTitle "EXT 2022"]
[Source "ChessBase"]
[SourceDate "2021.10.06"]
[SourceVersion "1"]
[SourceVersionDate "2021.10.06"]
[SourceQuality "1"]

1. e4 e5 2. Nf3 Nc6 3. Bb5 a6 4. Ba4 Nf6 5. 0-0 Be7 6. Re1 b5 7. Bb3 0-0 8. a4 b4 9. d3 d6 10. a5 Bg4 11. Be3 d5 12. Ba4 Nxa5 13. h3 Bh5 14. g4 Nxg4 0-1